[Event "Orsha blitz op"]
[Site "Orsha"]
[Date "2019.01.19"]
[Round "1"]
[White "Titov, Kirill"]
[Black "Moskalenko, Alexander"]
[Result "0-1"]
[WhiteElo "1512"]
[BlackElo "2510"]
[PlyCount "166"]
[EventDate "2019.01.19"]
[EventType "swiss (blitz)"]
[EventRounds "10"]
[EventCountry "BLR"]
[SourceTitle "CBM 189 Extra"]
[Source "ChessBase"]
[SourceDate "2019.06.03"]
[SourceVersion "1"]
[SourceVersionDate "2019.06.03"]
[SourceQuality "1"]

1. d4 Nf6 2. Bf4 e6 3. e3 d5 4. Nf3 Bd6 5. Bg3 c5 6. c3 Qc7 7. Bd3 Nbd7 8. Nbd2 b6 9. 0-0 Bb7 10. Re1 0-0 11. e4 Bxg3 12. hxg3 dxe4 13. Nxe4 Rad8 14. dxc5 Nxc5 15. Nxf6+ gxf6 16. Re3 Ba6 17. Ne1 Nxd3 18. Nxd3 f5 19. Qc2 Bxd3 20. Rxd3 Rxd3 21. Qxd3 Rd8 22. Qe3 Qe7 23. Re1 Rd7 24. Qf4 Kg7 25. g4 Qf6 26. gxf5 Qxf5 27. Qg3+ Qg6 28. Qe5+ Qf6 29. Qg3+ Kf8 30. Qb8+ Ke7 31. Qg3 h6 32. Qe3 Qg5 33. Qe4 b5 34. Qb4+ Ke8 35. Qe4 Qc5 36. Qh4 Rd2 37. Rf1 Qg5 38. Qb4 Qd5 39. Qa3 h5 40. Qxa7 Rxb2 41. Qb8+ Ke7 42. Qc7+ Kf8 43. Qc8+ Kg7 44. Qb8 Rxa2 45. Qg3+ Kf8 46. Qb8+ Ke7 47. Qc7+ Ke8 48. Qb8+ Ke7 49. Qc7+ Kf8 50. Qb8+ Kg7 51. Qg3+ Kh7 52. Qf4 Kg6 53. Qg3+ Qg5 54. Qd3+ Qf5 55. Qg3+ Kh7 56. Qe3 Rb2 57. Qd4 Rb1 58. Rxb1 Qxb1+ 59. Kh2 Qf5 60. f3 Kg6 61. Qd8 Qe5+ 62. Kg1 Qxc3 63. Qg8+ Qg7 64. Qb8 Qd4+ 65. Kh2 Qd5 66. Qg3+ Kf6 67. Qh4+ Kg7 68. Qg3+ Kh7 69. Qf4 Qf5 70. Qc1 Qe5+ 71. Kg1 Kg7 72. Qc2 b4 73. Qc4 Qe3+ 74. Kh2 b3 75. Qh4 Qe5+ 76. Kh1 b2 77. Qb4 Kh7 78. Kg1 Qe3+ 79. Kh2 Qc1 80. Qe4+ Kg8 81. Qa8+ Kg7 82. Qa5 Qf4+ 83. Kh3 Qf5+ 0-1